Statistics for Movie Smash

Click here to take the quiz!

General Stats

  • This quiz has been taken 577 times
    (566 since last reset)
  • The average score is 8 of 12

Answer Stats

ClueAnswer% Correct
Free Wonka and The Chocolate FactoryWilly
99%
Stuart WomenLittle
94%
Paris, Chainsaw MassacreTexas
87%
Home in the DarkAlone
86%
The Elephant OverboardMan
69%
Blue rakerMoon
69%
Inside of AfricaOut
66%
Batman YoungForever
61%
Before BoulevardSunset
56%
Who's That on a TrainGirl
51%
The Railway of the DamnedChildren
35%
The Devil's ManRain
11%

Score Distribution

Percentile by Number Answered

Percent of People with Each Score

Your Score History

You have not taken this quiz since the last reset